<?xml version="1.0" encoding="UTF-8"?>
<marc:record xmlns:marc="http://www.loc.gov/MARC21/slim">
   <marc:leader>00000nam a2200000 a 4500</marc:leader>
   <marc:datafield ind1="1" ind2=" " tag="100">
      <marc:subfield code="a">Handel-Mazzetti, Enrica von</marc:subfield>
      <marc:subfield code="4">aut</marc:subfield>
      <marc:subfield code="e">Verfasser/-in</marc:subfield>
   </marc:datafield>
   <marc:datafield ind1=" " ind2=" " tag="653">
      <marc:subfield code="a">geschichtlich</marc:subfield>
   </marc:datafield>
   <marc:datafield ind1=" " ind2=" " tag="653">
      <marc:subfield code="a">Geschichte als Abenteuer</marc:subfield>
   </marc:datafield>
   <marc:datafield ind1=" " ind2=" " tag="653">
      <marc:subfield code="a">Historischer Roman</marc:subfield>
   </marc:datafield>
   <marc:datafield ind1="0" ind2="0" tag="245">
      <marc:subfield code="a">Jesse und Maria</marc:subfield>
   </marc:datafield>
   <marc:datafield ind1="0" ind2="0" tag="245">
      <marc:subfield code="c">Handel-Mazzetti, Enrica von</marc:subfield>
   </marc:datafield>
   <marc:datafield ind1=" " ind2="1" tag="264">
      <marc:subfield code="b">Donauland</marc:subfield>
   </marc:datafield>
   <marc:datafield ind1="1" ind2=" " tag="520">
      <marc:subfield code="a">Dieses große Zeit- und Sittengemälde aus dem 17. Jahrhundert spielt im donautal im Gebiet von Pöchlarn. Hintergrund des Geschehens sind die Kämpfe zwischen den beiden christlichen Bekenntnissen. Jesse, der edelmütige protestantische Junker, will das Land dem Luthertum zurückgewinnen. Er wird nicht nur vor Gericht, sondern auch vor dem inneren Sittengesetz schuldig und leistet den Sühnetod. Maria die fromme katholische Förstersfrau, liefert in glühendem Glaubenseifer den jugen Ketzer der Religionskommission aus. muss dann alle Schmerzen um sein blühendes junges Leben mitleiden und leistet in Taten der Liebe und Barmherzigkeit an ihm und den Seinen Sühne, ein um das Heil der Seele kämpfendes und bitter leidendes Frauenherz.</marc:subfield>
   </marc:datafield>
   <marc:datafield ind1=" " ind2=" " tag="041">
      <marc:subfield code="a">ger</marc:subfield>
   </marc:datafield>
   <marc:datafield ind1=" " ind2=" " tag="338">
      <marc:subfield code="a">Band</marc:subfield>
   </marc:datafield>
</marc:record>
